Statistics for All "evermore" Songs - Taylor Swift

Click here to take the quiz!

General Stats

  • This quiz has been taken 306 times
  • The average score is 13 of 17

Answer Stats

HintAnswer% Correct
1willow
99%
15evermore (feat. Bon Iver)
90%
2champagne problems
88%
13marjorie
88%
6no body, no crime (feat. HAIM)
86%
8dorothea
82%
11cowboy like me
81%
4'tis the damn season
81%
3gold rush
80%
10ivy
80%
5tolerate it
80%
9coney island (feat. The National)
77%
17it's time to go - bonus track
72%
7happiness
68%
12long story short
68%
14closure
66%
16right where you left me - bonus track
40%

Score Distribution

Percentile by Number Answered

Percent of People with Each Score

Your Score History

You have not taken this quiz